|
|
|
|
| LEADER |
00000nas a2200000 a 4500 |
| 001 |
ssj0000331107 |
| 003 |
WaSeSS |
| 005 |
20200512172242.0 |
| 006 |
m d |
| 007 |
cr n |
| 008 |
100618c20109999nyufr p s 0 0eng |
| 010 |
|
|
|a 2010243549
|
| 016 |
7 |
|
|a 2601242-X
|2 DE-600
|
| 016 |
7 |
|
|a 101533710
|2 DNLM
|
| 022 |
|
|
|a 0976-3155
|l 0976-3155
|y 0976-3147
|
| 035 |
|
|
|a (WaSeSS)ssj0000331107
|
| 040 |
|
|
|a NLM
|b eng
|c NLM
|d HEBIS
|d UAB
|d CUS
|d OCLCQ
|d OCLCO
|d ERD
|d UAT
|d OCLCQ
|d OCLCO
|d EUW
|d OCLCO
|d OCLCQ
|d OCLCO
|d OCLCQ
|d CASUM
|d OCLCO
|d OCLCA
|d WT2
|d OCLCQ
|d OCLCA
|d OCLCF
|d OCLCA
|d OCLCQ
|d AU@
|d OCLCQ
|d OCLCO
|d OCLCA
|d NLM
|d NLW
|d OCLCQ
|d CNMTR
|d OCLCQ
|d WaSeSS
|
| 042 |
|
|
|a pcc
|
| 050 |
1 |
4 |
|a RC321
|
| 060 |
1 |
0 |
|a W1
|
| 245 |
0 |
0 |
|a Journal of neurosciences in rural practice
|h [electronic resource].
|
| 246 |
1 |
|
|a JNRP
|
| 260 |
|
|
|a Mumbai :
|b Medknow Publications and Media Pvt. Ltd.
|
| 260 |
3 |
|
|a New York, NY :
|b Thieme
|
| 310 |
|
|
|a Semiannual
|
| 362 |
1 |
|
|a Began with vol. 1, issue 1 (Jan./June 2010).
|
| 506 |
|
|
|a License restrictions may limit access.
|
| 588 |
0 |
|
|a Vol. 1, issue 1 (Jan./June 2010); title from HTML header (publisher's Web site, viewed July 13, 2010).
|
| 588 |
1 |
|
|a Vol. 1, issue 1 (Jan./June) (viewed July 13, 2010).
|
| 650 |
|
0 |
|a Nervous system
|x Diseases
|v Periodicals.
|
| 650 |
|
0 |
|a Neurophysiology
|x Diseases
|v Periodicals.
|
| 650 |
|
0 |
|a Rural health
|v Periodicals.
|
| 650 |
1 |
2 |
|a Nervous System Diseases.
|
| 650 |
2 |
2 |
|a Nervous System Physiological Phenomena.
|
| 650 |
2 |
2 |
|a Rural Health.
|
| 650 |
|
7 |
|a Nervous system
|x Diseases.
|2 fast
|0 (OCoLC)fst01036098
|
| 650 |
|
7 |
|a Rural health.
|2 fast
|0 (OCoLC)fst01101651
|
| 655 |
|
0 |
|a Electronic journals.
|
| 710 |
2 |
|
|a Asociación Ayuda Enfermo Neuroquirufgico.
|
| 776 |
0 |
|
|x 0976-3147
|
| 850 |
|
|
|a DNLM
|
| 856 |
4 |
0 |
|z Full text available from Research Library: 01/01/2010 to present
|u https://search.proquest.com/publication/226476
|